| 000 | 00913cam a22002777a 4500 | ||
|---|---|---|---|
| 003 | CHAP | ||
| 005 | 20220329135058.0 | ||
| 008 | 971013s1933 r 00010 d | ||
| 010 | _a30589 | ||
| 011 | _a31561 | ||
| 035 | _a35673 | ||
| 040 | _cCHAP | ||
| 082 |
_a595.79 _bH6 |
||
| 100 | 0 | 0 |
_aMarelli, Carlos A. _971324 |
| 245 | 1 | 3 | _aEl microhimenoptero calcidoideo Encarsi gallardoi s.sp. de la familia Eulophidae |
| 260 |
_aLa Plata : _bDirección General de Agricultura, GanaderÃa e Industrias, _c1933 |
||
| 300 |
_a10 p. _b: ilus |
||
| 500 | _aEncuadernado con: Howard, L.O. Revision of the Aphelininae of North Americana | ||
| 590 |
_aBATCH-UPD _b10 _c20130110 _lUCH01 _h2111 |
||
| 590 |
_aCONVERSION _b10 _c20130109 _lUCH01 _h1317 |
||
| 650 | 1 | 4 |
_aEncarsia gallardoi. _936727 |
| 650 | 1 | 4 |
_aEulophidae. _938844 |
| 901 | _aBK | ||
| 942 | _cLIBRO | ||
| 949 |
_a595.79 H6 _bBC _cLIBRO _d-82548 _eLIBRO _i35673 _si |
||
| 999 |
_c30589 _d30589 |
||